Statistics for Lord of the Rings Characters by Picture

Click here to take the quiz!

General Stats

  • This quiz has been taken 78 times
    (7 since last reset)
  • The average score is 14 of 16

Answer Stats

Answer% Correct
Aragorn/Strider
100%
Boromir
100%
Deagol
100%
Denethor
100%
Elrond
100%
Eomer
100%
Faramir
100%
Frodo
100%
Haldir
100%
Isildur
100%
Legolas
100%
Sam
100%
Grima Wormtongue
86%
Farmer Maggot
57%
Mrs. Proudfoot
29%
Hamfast
14%

Score Distribution

Percentile by Number Answered

Percent of People with Each Score

Your Score History

You have not taken this quiz since the last reset